000 00831nmm a2200289 a 4500
003 AR-BaBNM
005 20251128211510.0
008 084120s1998 ||||||||||||||000 | spa||
020 _a950-16-3086-2
040 _cAR-BaBNM
100 1 _aRaffini, James P.
245 1 0 _a100 maneras de incrementar la motivación en la clase
246 1 _aCien maneras de incrementar la motivación en la clase
250 _a1ª ed.
260 _aBuenos Aires
_bTroquel
_c1998
300 0 _a253 p.
_btablas, il., diagr.
650 4 _aMETODOS DE ENSENANZA
650 4 _aTECNICAS DIDACTICAS
650 4 _aJUEGOS EDUCATIVOS
650 4 _aACTIVIDADES
650 4 _aMOTIVACION DEL ALUMNO
653 _aEDUCACION GENERAL BASICA
653 _aEDUCACION POLIMODAL
700 1 _aFrid, Inés
_etraductor
942 _cBK
998 _craquel
999 _c19915
_d19915